| 000 | 00738nam a2200277Ia 4500 | ||
|---|---|---|---|
| 005 | 20260320195831.0 | ||
| 008 | 008 262003s9999 xx 000 0 hin d | ||
| 020 | _a9789392757419 | ||
| 037 | _aEBOOK | ||
| 040 | _aCRL | ||
| 040 | _bhin | ||
| 040 | _cCRL | ||
| 041 | _2hin | ||
| 041 | _ahin | ||
| 084 | _qCRL | ||
| 100 |
_aराहुल सिंह _91133258 |
||
| 245 | 0 | _aहिन्दी कहानी : अन्तर्वस्तु का शिल्प | |
| 250 | _a2nd | ||
| 260 | _bRajkamal | ||
| 260 | _c2022 | ||
| 300 | _a184 | ||
| 856 | _uhttps://ebook.indiaread.in/pdfs/Hindi_Kahani_Antarvastu_ka_Shilp_by_Rahul_Singh.pdf | ||
| 942 | _cEBOOK | ||
| 999 |
_c1716747 _d1716747 |
||